Αλέξανδρος Αδαμαντίου Εμμανουήλ
Αποθηκεύτηκε σε:
| Κύριος συγγραφέας: | |
|---|---|
| Μορφή: | Βιβλίο |
| Γλώσσα: | Greek |
| Δημοσίευση: |
Αθήνα :
Καστανιώτης,
1998
|
| Έκδοση: | 2η έκδ. |
| Θέματα: | |
| Ετικέτες: |
Προσθήκη ετικέτας
Δεν υπάρχουν, Καταχωρήστε ετικέτα πρώτοι!
|
MARC
| LEADER | 00000cam a2200000 i 4500 | ||
|---|---|---|---|
| 001 | 1/23724 | ||
| 008 | 121029s1998 gre d | ||
| 020 | |a 960-03-1914-6 | ||
| 035 | |l 10113296 | ||
| 040 | |a GR-MY-UA |b gre |e aacr | ||
| 041 | 0 | |a gre | |
| 082 | 0 | |a 889.3092 |2 (22) | |
| 100 | 1 | |a Παπαγιώργης, Κωστής, |d 1947-2014. | |
| 245 | 1 | 0 | |a Αλέξανδρος Αδαμαντίου Εμμανουήλ / |c Κωστή Παπαγιώργη |
| 250 | |a 2η έκδ. | ||
| 260 | |a Αθήνα : |b Καστανιώτης, |c 1998 | ||
| 300 | |a 216 σ.; |c 22χ11 εκ. | ||
| 600 | 1 | 0 | |a Παπαδιαμάντης, Αλέξανδρος, |d 1851-1911. |
| 650 | 0 | 0 | |a Litterateurs |z Greece |x History and criticism. |
| 650 | 0 | 0 | |a Greek literature |x History and criticism. |
| 852 | |a INST |b SAMOS |e 20121029 |h 889.3092 ΠΑΠ |p 005300033670 |q 005300033670 |t BK |y 12 | ||
| 901 | |a BIBL3-2012-2 | ||
| 909 | |a Σ |b 172468 | ||
| 970 | |a ΓΟΥΒΑΛΑ |b ΒΑΣΩ |z 2012/10/29 | ||